[Event "Play for Durgesh Fundraiser Blitz"]
[Site "Vishy Anand Arena"]
[Date "2020.09.19"]
[Round "4"]
[White "IshaanKher"]
[Black "Nithin2107"]
[Result "0-1"]
[WhiteElo "1513"]
[BlackElo "1292"]
[Annotator "NA"]
[PlyCount "42"]
[EventDate "2020.09.19"]
[EventType "swiss (blitz)"]

1. e4 e5 2. Bc4 Nf6 3. d3 Bc5 4. Bg5 d6 5. Qf3 Nbd7 6. Nc3 c6 7. O-O-O b5 8. Bb3 a5 9. a4 bxa4 10. Bxa4 Qb6 11. Bxf6 Nxf6 12. Bb3 Ba6 13. g4 O-O 14. g5 Nd7 15. Qf5 Bxf2 16. Qxd7 Be3+ 17. Kb1 Rfb8 18. Qg4 c5 19. Nd5 Qb7 20. Nxe3 a4 21. Ba2 Qxb2# 0-1

[Event "Play for Durgesh Fundraiser Blitz"]
[Site "Vishy Anand Arena"]
[Date "2020.09.19"]
[Round "4"]
[White "AVNEESH"]
[Black "Vaca100"]
[Result "0-1"]
[WhiteElo "1509"]
[BlackElo "1698"]
[Annotator "NA"]
[PlyCount "68"]
[EventDate "2020.09.19"]
[EventType "swiss (blitz)"]

1. e4 c5 2. Nf3 g6 3. Nc3 Bg7 4. Bb5 Nc6 5. d3 d6 6. Bg5 Nf6 7. O-O O-O 8. Qd2 Bd7 9. Bh6 a6 10. Bxc6 Bxc6 11. Bxg7 Kxg7 12. Ng5 b5 13. Ne2 h6 14. Nf3 e5 15. Ng3 Bd7 16. Qe3 Ng4 17. Qd2 f5 18. exf5 Bxf5 19. Nxf5+ Rxf5 20. Nh4 Qxh4 21. h3 Nf6 22. Rae1 Rf8 23. Re4 Nxe4 24. dxe4 Rh5 25. Re1 g5 26. Re3 Qf4 27. Rf3 Qxd2 28. Rxf8 Kxf8 29. g4 Rxh3 30. Kg2 Rh4 31. Kg3 Qf4+ 32. Kg2 Rxg4+ 33. Kh1 Qf3+ 34. Kh2 Qg2# 0-1

[Event "Play for Durgesh Fundraiser Blitz"]
[Site "Vishy Anand Arena"]
[Date "2020.09.19"]
[Round "4"]
[White "The ChessForce"]
[Black "Kingofall"]
[Result "0-1"]
[WhiteElo "1508"]
[BlackElo "1927"]
[Annotator "NA"]
[PlyCount "36"]
[EventDate "2020.09.19"]
[EventType "swiss (blitz)"]

1. e4 e5 2. Nf3 Nc6 3. Bc4 Nf6 4. d3 Bc5 5. c3 O-O 6. O-O d5 7. exd5 Nxd5 8. a4 a5 9. Re1 Re8 10. d4 Nb6 11. Bxf7+ Kxf7 12. Ng5+ Kg8 13. Qh5 h6 14. Qf7+ Kh8 15. Qg6 hxg5 16. Bxg5 Qd7 17. Qh5+ Kg8 18. dxc5 Nd5 0-1

[Event "Play for Durgesh Fundraiser Blitz"]
[Site "Vishy Anand Arena"]
[Date "2020.09.19"]
[Round "4"]
[White "Tanishagr"]
[Black "Arjuncnilambur"]
[Result "0-1"]
[WhiteElo "1506"]
[BlackElo "1477"]
[Annotator "NA"]
[PlyCount "26"]
[EventDate "2020.09.19"]
[EventType "swiss (blitz)"]

1. e4 e5 2. Nf3 d6 3. Nc3 Bg4 4. Bc4 Nc6 5. O-O Nd4 6. Nd5 Nxf3+ 7. gxf3 Bh5 8. b4 Qg5+ 9. Kh1 O-O-O 10. b5 Nf6 11. Nxf6 gxf6 12. Ba3 Rg8 13. d3 Qg2# 0-1

[Event "Play for Durgesh Fundraiser Blitz"]
[Site "Vishy Anand Arena"]
[Date "2020.09.19"]
[Round "4"]
[White "ArkaCHESS"]
[Black "Gak_chess"]
[Result "0-1"]
[WhiteElo "1493"]
[BlackElo "2283"]
[PlyCount "62"]
[EventDate "2020.09.19"]
[EventType "swiss (blitz)"]

1. Nf3 d5 2. g3 g6 3. Bg2 Bg7 4. O-O e5 5. d3 Nc6 6. Nbd2 Nge7 7. e4 O-O 8. c3 h6 9. Qe2 Re8 10. Re1 Bg4 11. h3 Be6 12. Nf1 Qd7 13. Kh2 Rad8 14. Ne3 f5 15. exf5 Nxf5 16. Nxf5 Bxf5 17. Nh4 e4 18. d4 Ne7 19. Nxf5 Nxf5 20. Qg4 Kh7 21. h4 h5 22. Qg5 Bh6 23. Qf6 Re6 24. Bg5 Rxf6 25. Bxf6 Rf8 26. Be5 Nd6 27. Bh3 Rxf2+ 28. Kg1 Qxh3 29. Kxf2 Qh2+ 30. Kf1 Nc4 31. g4 Nd2# 0-1

[Event "Play for Durgesh Fundraiser Blitz"]
[Site "Vishy Anand Arena"]
[Date "2020.09.19"]
[Round "4"]
[White "Akshar77"]
[Black "Superark"]
[Result "0-1"]
[WhiteElo "1482"]
[BlackElo "1570"]
[Annotator "NA"]
[PlyCount "60"]
[EventDate "2020.09.19"]
[EventType "swiss (blitz)"]

1. e4 e5 2. Nf3 Nc6 3. Bc4 Bc5 4. O-O Nf6 5. Nc3 d6 6. d3 Bg4 7. h3 Bh5 8. Bg5 h6 9. Bxf6 Qxf6 10. Nd5 Qd8 11. c3 Kf8 12. b4 Bb6 13. a4 a5 14. b5 Ne7 15. Nxb6 cxb6 16. Qb3 Rc8 17. Nh4 Rc5 18. Nf5 Nxf5 19. exf5 d5 20. d4 dxc4 21. Qb1 exd4 22. g4 Re5 23. Rd1 Qc7 24. gxh5 Ke7 25. Rxd4 Re8 26. Qf1 Kf8 27. Qxc4 Qe7 28. Rad1 Qg5+ 29. Kh2 Re1 30. Qd3 Qg1# 0-1

[Event "Play for Durgesh Fundraiser Blitz"]
[Site "Vishy Anand Arena"]
[Date "2020.09.19"]
[Round "4"]
[White "Ameethh"]
[Black "fluffyfly"]
[Result "0-1"]
[WhiteElo "1473"]
[BlackElo "1507"]
[Annotator "NA"]
[PlyCount "88"]
[EventDate "2020.09.19"]
[EventType "swiss (blitz)"]

1. d4 Nf6 2. c4 g6 3. Nf3 Bg7 4. Nc3 O-O 5. e4 d6 6. Bd3 e5 7. d5 Nbd7 8. O-O a5 9. Bg5 h6 10. Be3 Nc5 11. Bc2 Nfd7 12. Qd2 g5 13. h3 Nb6 14. b3 f5 15. exf5 Bxf5 16. Bxf5 Rxf5 17. Bxc5 dxc5 18. Qd3 Qf8 19. Ne4 Rd8 20. Rad1 c6 21. Qe3 cxd5 22. cxd5 Nxd5 23. Qxc5 Qxc5 24. Nxc5 Rff8 25. Ne6 Rfe8 26. Nxd8 Rxd8 27. Rfe1 Kf7 28. Nxe5+ Kf6 29. Ng4+ Kf5 30. Re2 Nf4 31. Rxd8 Nxe2+ 32. Kf1 Nf4 33. Rd7 Kg6 34. Rd6+ Kf7 35. Rd7+ Kg6 36. Rxb7 Nd5 37. Ra7 Nc3 38. Ra6+ Kf5 39. Rxa5+ Kf4 40. a4 Bd4 41. g3+ Kf3 42. Rf5+ Ke4 43. Rf7 Kd3 44. Rd7 Ne2 0-1

[Event "Play for Durgesh Fundraiser Blitz"]
[Site "Vishy Anand Arena"]
[Date "2020.09.19"]
[Round "4"]
[White "Adt1999"]
[Black "Saksham2103"]
[Result "0-1"]
[WhiteElo "1472"]
[BlackElo "1518"]
[Annotator "NA"]
[PlyCount "38"]
[EventDate "2020.09.19"]
[EventType "swiss (blitz)"]

1. e4 e5 2. Nf3 Nf6 3. Nc3 Nc6 4. Bc4 Bc5 5. d3 h6 6. O-O O-O 7. a3 d6 8. b4 Bb6 9. Bb2 Bg4 10. Re1 Nd4 11. h3 Nxf3+ 12. gxf3 Bxh3 13. Kh2 Be6 14. Nd5 Nxd5 15. exd5 Qh4+ 16. Kg2 Qh3+ 17. Kg1 Qg3+ 18. Kh1 Bxf2 19. dxe6 Qh3# 0-1

[Event "Play for Durgesh Fundraiser Blitz"]
[Site "Vishy Anand Arena"]
[Date "2020.09.19"]
[Round "4"]
[White "Invokeanand"]
[Black "Prateek_thakur"]
[Result "0-1"]
[WhiteElo "1471"]
[BlackElo "1327"]
[Annotator "NA"]
[PlyCount "78"]
[EventDate "2020.09.19"]
[EventType "swiss (blitz)"]

1. d4 d5 2. Nf3 Bf5 3. b3 Nf6 4. Nc3 e6 5. e3 Bb4 6. Bb2 a5 7. Bd3 Ne4 8. Bxe4 Bxe4 9. Ne5 O-O 10. O-O Bxc3 11. Bxc3 a4 12. b4 f6 13. Ng4 Nc6 14. f3 Bg6 15. f4 f5 16. Ne5 Nxe5 17. dxe5 b6 18. h4 h5 19. g4 hxg4 20. Rf2 Qxh4 21. Rh2 Qg3+ 22. Rg2 Qxe3+ 23. Kh1 Qxc3 24. Qg1 Kf7 25. Rg3 Rh8+ 26. Kg2 Qxc2+ 27. Kf1 Rh2 28. Rg2 Qd3+ 29. Ke1 Qe4+ 30. Kd1 Rxg2 31. Qe1 Qxe1+ 32. Kxe1 Rg1+ 33. Kd2 Rxa1 34. Kc3 Rxa2 35. b5 Rh2 36. Kb4 a3 37. Kc3 a2 38. Kd3 a1=Q 39. Ke3 Ra3# 0-1

[Event "Play for Durgesh Fundraiser Blitz"]
[Site "Vishy Anand Arena"]
[Date "2020.09.19"]
[Round "4"]
[White "Prajwalpshenoy"]
[Black "Smokyqueen"]
[Result "0-1"]
[WhiteElo "1471"]
[BlackElo "1620"]
[Annotator "NA"]
[PlyCount "40"]
[EventDate "2020.09.19"]
[EventType "swiss (blitz)"]

1. e4 e5 2. Nf3 Nc6 3. Bc4 Bc5 4. c3 Nf6 5. d3 d5 6. exd5 Nxd5 7. b4 Be7 8. O-O a6 9. a4 O-O 10. Qb3 Nf6 11. h3 Bf5 12. Qd1 Re8 13. Re1 Bd6 14. Nbd2 h6 15. Ne4 Nxe4 16. dxe4 Be6 17. Bxe6 Rxe6 18. Bb2 Rg6 19. Nh4 Qxh4 20. Kh2 Qf4+ 0-1

[Event "Play for Durgesh Fundraiser Blitz"]
[Site "Vishy Anand Arena"]
[Date "2020.09.19"]
[Round "4"]
[White "Ravs_rams"]
[Black "Shreyash karkare"]
[Result "1-0"]
[WhiteElo "1470"]
[BlackElo "1310"]
[Annotator "NA"]
[PlyCount "41"]
[EventDate "2020.09.19"]
[EventType "swiss (blitz)"]

1. e4 c5 2. Nf3 d6 3. d4 cxd4 4. Nxd4 Nf6 5. Nc3 a6 6. Nf3 e5 7. Bg5 Be7 8. Bd3 O-O 9. O-O b5 10. a3 Bb7 11. Re1 Nbd7 12. Qd2 Rc8 13. Nh4 d5 14. Nf5 dxe4 15. Nxe4 Nxe4 16. Nxe7+ Kh8 17. Bxe4 Bxe4 18. Ng6+ fxg6 19. Bxd8 Rxc2 20. Qxd7 Rcxf2 21. Rxe4 1-0

[Event "Play for Durgesh Fundraiser Blitz"]
[Site "Vishy Anand Arena"]
[Date "2020.09.19"]
[Round "4"]
[White "Prashanth_k01"]
[Black "H809"]
[Result "1-0"]
[WhiteElo "1466"]
[BlackElo "1707"]
[Annotator "NA"]
[PlyCount "37"]
[EventDate "2020.09.19"]
[EventType "swiss (blitz)"]

1. d4 Nf6 2. Nf3 e6 3. e3 c5 4. c3 d5 5. Bd3 Nc6 6. O-O Bd6 7. Nbd2 Qc7 8. Qe2 O-O 9. e4 c4 10. Bc2 Nd7 11. e5 Be7 12. Re1 a5 13. Nf1 b5 14. h4 b4 15. Ng5 h6 16. Qh5 f6 17. Qg6 fxg5 18. Qh7+ Kf7 19. Bg6# 1-0

[Event "Play for Durgesh Fundraiser Blitz"]
[Site "Vishy Anand Arena"]
[Date "2020.09.19"]
[Round "4"]
[White "Nilaykumar2020"]
[Black "Mraa"]
[Result "1-0"]
[WhiteElo "1461"]
[BlackElo "1480"]
[Annotator "NA"]
[PlyCount "111"]
[EventDate "2020.09.19"]
[EventType "swiss (blitz)"]

1. d4 d5 2. c4 e6 3. Nf3 Nf6 4. e3 Be7 5. Nc3 O-O 6. cxd5 Nxd5 7. Bd3 a6 8. Qc2 g6 9. Bd2 Nxc3 10. Bxc3 b5 11. a3 Bb7 12. Ne5 Bf6 13. Rg1 Bxe5 14. dxe5 Nc6 15. O-O-O Qe7 16. Be4 Rab8 17. Bxc6 Bxc6 18. Bb4 Qe8 19. Bxf8 Qxf8 20. Qxc6 b4 21. Qxa6 bxa3 22. Qxa3 Qe8 23. Qd3 Qa4 24. Qc2 Qa1+ 25. Qb1 Qa4 26. Kd2 Rd8+ 27. Ke2 Qg4+ 28. f3 Qc4+ 29. Kf2 Rxd1 30. Rxd1 Qh4+ 31. Ke2 Qxh2 32. Kd3 Qxe5 33. Kc2 Qxe3 34. Qc1 Qc5+ 35. Kb1 Qf5+ 36. Qc2 Qg5 37. Qxc7 Qxg2 38. Qc2 Qxf3 39. Qc8+ Kg7 40. Qc3+ Qxc3 41. bxc3 h5 42. Kc2 h4 43. Kd3 g5 44. Ke4 f6 45. c4 Kf7 46. c5 Ke7 47. c6 f5+ 48. Ke3 f4+ 49. Kf3 e5 50. c7 e4+ 51. Kxe4 f3 52. c8=Q Kf6 53. Rd6+ Kg7 54. Qd7+ Kh8 55. Re6 h3 56. Re8# 1-0

[Event "Play for Durgesh Fundraiser Blitz"]
[Site "Vishy Anand Arena"]
[Date "2020.09.19"]
[Round "4"]
[White "Shreyansh1"]
[Black "SudiNarayana"]
[Result "1-0"]
[WhiteElo "1459"]
[BlackElo "1071"]
[Annotator "NA"]
[PlyCount "65"]
[EventDate "2020.09.19"]
[EventType "swiss (blitz)"]

1. e4 e5 2. Nf3 Nc6 3. Bc4 Bc5 4. O-O Nf6 5. Nc3 O-O 6. d3 d6 7. Bg5 Bd7 8. Qd2 h6 9. Be3 Bxe3 10. Qxe3 Qe7 11. d4 Rfe8 12. d5 Nb4 13. Qd2 Rad8 14. a3 Nbxd5 15. exd5 Nxd5 16. Nxd5 Qf8 17. Nxc7 Re7 18. Nd5 Ree8 19. b4 b6 20. a4 Bxa4 21. Rxa4 Re6 22. Nc7 Rc8 23. Nxe6 Qe8 24. b5 fxe6 25. Qxd6 Qg6 26. Bxe6+ Kh8 27. Nxe5 Qg5 28. Nf7+ Kh7 29. Nxg5+ hxg5 30. Bxc8 g6 31. Qe7+ Kh6 32. Qf8+ Kh5 33. Qh8# 1-0

[Event "Play for Durgesh Fundraiser Blitz"]
[Site "Vishy Anand Arena"]
[Date "2020.09.19"]
[Round "4"]
[White "LegendBoy6"]
[Black "Namanjain2005"]
[Result "1-0"]
[WhiteElo "1456"]
[BlackElo "1627"]
[Annotator "NA"]
[PlyCount "165"]
[EventDate "2020.09.19"]
[EventType "swiss (blitz)"]

1. e4 c5 2. Nc3 d6 3. f4 Nc6 4. Nf3 g6 5. Bb5 Bg7 6. d3 e6 7. Bc4 Nge7 8. O-O O-O 9. Qe1 a6 10. a4 Nd4 11. Nxd4 cxd4 12. Ne2 e5 13. f5 d5 14. Bxd5 Nxd5 15. exd5 Qxd5 16. fxg6 hxg6 17. Qh4 Bd7 18. Bh6 Bc6 19. Rf2 Qd8 20. Qxd8 Raxd8 21. Bxg7 Kxg7 22. Ng3 f5 23. Raf1 Rc8 24. b3 b5 25. a5 Bd7 26. b4 Rc7 27. Rb1 Rfc8 28. Rb2 Be6 29. Re2 Kf6 30. Nf1 f4 31. g3 g5 32. gxf4 gxf4 33. Rf2 Rg7+ 34. Rg2 Rcg8 35. Rxg7 Rxg7+ 36. Kf2 Bh3 37. Nd2 Rg2+ 38. Ke1 Rxh2 39. Ne4+ Kf5 40. Nd6+ Ke6 41. Ne4 f3 42. Ng5+ Kd5 43. Nxf3 Bg4 44. Nxh2 Bh5 45. Rb1 Bf7 46. Rc1 Be6 47. c3 Bd7 48. c4+ bxc4 49. dxc4+ Ke4 50. c5 Bc6 51. Rb1 Kd5 52. b5 axb5 53. a6 Kxc5 54. a7 Kb6 55. Rc1 Ba8 56. Ra1 Kc5 57. Kd2 e4 58. Rc1+ Kd5 59. Rc8 Bb7 60. a8=Q Bxa8 61. Rxa8 b4 62. Rb8 Kc4 63. Rc8+ Kb3 64. Ng4 e3+ 65. Kd3 Kb2 66. Nxe3 dxe3 67. Kxe3 Ka3 68. Kd3 b3 69. Rb8 Kb2 70. Kc4 Kc2 71. Rxb3 Kd2 72. Kb4 Ke2 73. Ra3 Kd2 74. Kc4 Ke2 75. Ra2+ Kf1 76. Kd3 Kg1 77. Rb2 Kf1 78. Ke3 Kg1 79. Ra2 Kh1 80. Kf3 Kg1 81. Rb2 Kh1 82. Kg3 Kg1 83. Rb1# 1-0

[Event "Play for Durgesh Fundraiser Blitz"]
[Site "Vishy Anand Arena"]
[Date "2020.09.19"]
[Round "4"]
[White "Strangebhaina"]
[Black "Srikant Nayak"]
[Result "0-1"]
[WhiteElo "1454"]
[BlackElo "1633"]
[Annotator "NA"]
[PlyCount "64"]
[EventDate "2020.09.19"]
[EventType "swiss (blitz)"]

1. c4 Nf6 2. Nc3 g6 3. Nf3 Bg7 4. e3 O-O 5. d4 d6 6. Be2 Nc6 7. O-O e5 8. d5 Ne7 9. b3 Ne8 10. b4 f5 11. Bb2 h6 12. c5 g5 13. cxd6 cxd6 14. Ne1 Nf6 15. g3 Ng6 16. Nd3 h5 17. Bxh5 Nxh5 18. Qxh5 Qf6 19. Bc1 e4 20. Ne1 Qxc3 21. Qxg6 Qxa1 22. Bd2 Qf6 23. Qh5 Qh6 24. Qxh6 Bxh6 25. Bc3 f4 26. exf4 gxf4 27. gxf4 Rxf4 28. Ng2 Rg4 29. h3 Rg6 30. a4 Bxh3 31. Kh2 Bxg2 32. Rg1 Bf4# 0-1

[Event "Play for Durgesh Fundraiser Blitz"]
[Site "Vishy Anand Arena"]
[Date "2020.09.19"]
[Round "4"]
[White "Parth11"]
[Black "AmoghB"]
[Result "1-0"]
[WhiteElo "1453"]
[BlackElo "1441"]
[Annotator "NA"]
[PlyCount "113"]
[EventDate "2020.09.19"]
[EventType "swiss (blitz)"]

1. e4 e6 2. Nf3 d5 3. exd5 exd5 4. d4 Bd6 5. Nc3 Ne7 6. Be3 Nbc6 7. Bd3 Bg4 8. Qd2 Qd7 9. O-O-O O-O-O 10. Bg5 f6 11. Bh4 g5 12. Bg3 Bf5 13. Bb5 a6 14. Bxc6 Qxc6 15. Ne2 Bg6 16. Bxd6 Qxd6 17. Qc3 Nc6 18. Nd2 Rhe8 19. Ng3 Qf4 20. Rhf1 h5 21. Qf3 Qxf3 22. Nxf3 h4 23. Nh1 Nb4 24. c3 Nc6 25. Rfe1 Na5 26. Nd2 Bh5 27. f3 b5 28. b4 Nc4 29. Nxc4 bxc4 30. Nf2 Kd7 31. Kd2 Kc6 32. a4 Bg6 33. Rxe8 Rxe8 34. Ng4 Bf5 35. Nxf6 Rf8 36. b5+ axb5 37. axb5+ Kd6 38. Nh5 Bg6 39. Ng7 Rf7 40. Re1 Rxg7 41. Re5 Bh7 42. Ke3 Re7 43. Rxe7 Kxe7 44. f4 Bg6 45. fxg5 Ke6 46. Kf4 Bf5 47. g6 Bxg6 48. Kg4 Bh7 49. Kxh4 Kd6 50. Kg4 Kd7 51. Kf4 Kc8 52. g4 Kb7 53. h4 Kb6 54. g5 Kxb5 55. h5 Bg8 56. g6 c5 57. h6 1-0

[Event "Play for Durgesh Fundraiser Blitz"]
[Site "Vishy Anand Arena"]
[Date "2020.09.19"]
[Round "4"]
[White "avibhat"]
[Black "Kingofblitz"]
[Result "0-1"]
[WhiteElo "1453"]
[BlackElo "1797"]
[Annotator "NA"]
[PlyCount "64"]
[EventDate "2020.09.19"]
[EventType "swiss (blitz)"]

1. d4 Nf6 2. Nc3 g6 3. e4 d6 4. Nf3 Bg7 5. Be3 O-O 6. Be2 c6 7. h3 b5 8. Qd2 b4 9. Na4 Nxe4 10. Qxb4 Nd7 11. Nc3 Nxc3 12. Qxc3 c5 13. Qd2 Bb7 14. dxc5 Nxc5 15. Bxc5 dxc5 16. Qxd8 Rfxd8 17. c3 Rab8 18. Rb1 Be4 19. Ra1 Rxb2 20. Bc4 Bxc3+ 21. Kf1 Rb4 22. Be2 Bxa1 23. Ng5 Rb1+ 24. Bd1 Bd3+ 25. Kg1 Rxd1+ 26. Kh2 Be5+ 27. g3 Rxh1+ 28. Kxh1 h6 29. Nf3 Be4 30. Kg2 Rd3 31. h4 Bxf3+ 32. Kh3 Rd1 0-1

[Event "Play for Durgesh Fundraiser Blitz"]
[Site "Vishy Anand Arena"]
[Date "2020.09.19"]
[Round "4"]
[White "Sanjith S"]
[Black "Avichaljadeja02"]
[Result "0-1"]
[WhiteElo "1446"]
[BlackElo "1699"]
[Annotator "NA"]
[PlyCount "42"]
[EventDate "2020.09.19"]
[EventType "swiss (blitz)"]

1. e4 c5 2. Nf3 d6 3. d4 cxd4 4. Nxd4 Nf6 5. Nc3 g6 6. Bf4 e5 7. Bxe5 dxe5 8. Nf3 Qxd1+ 9. Rxd1 Nc6 10. Nb5 Bb4+ 11. c3 Ba5 12. b4 Bb6 13. a4 O-O 14. Nd6 Bc7 15. b5 Bxd6 16. Rxd6 Nxe4 17. Rd3 Ne7 18. Nxe5 Bf5 19. Re3 Nd5 20. Re2 Nexc3 21. Rb2 Rfe8 0-1

[Event "Play for Durgesh Fundraiser Blitz"]
[Site "Vishy Anand Arena"]
[Date "2020.09.19"]
[Round "4"]
[White "Anant123"]
[Black "Shivanthm"]
[Result "1/2-1/2"]
[WhiteElo "1443"]
[BlackElo "1533"]
[Annotator "NA"]
[PlyCount "104"]
[EventDate "2020.09.19"]
[EventType "swiss (blitz)"]

1. e4 c5 2. Nf3 d6 3. d4 cxd4 4. Qxd4 Nc6 5. Bb5 Bd7 6. Qd3 Nf6 7. Nc3 g6 8. Bg5 Bg7 9. O-O-O a6 10. Ba4 b5 11. Bb3 O-O 12. h4 h5 13. e5 Ne8 14. exd6 Nxd6 15. Bxe7 Qxe7 16. Qxd6 Qxd6 17. Rxd6 Rad8 18. Rhd1 Bf5 19. Rxd8 Rxd8 20. Rxd8+ Nxd8 21. Nd5 Be4 22. Nc7 Bb7 23. c4 bxc4 24. Bxc4 a5 25. Nb5 Bxf3 26. gxf3 Bf6 27. Nd6 Bxh4 28. Ne4 Nc6 29. f4 Nd4 30. Kd2 Kg7 31. Kd3 Nf5 32. a3 Be7 33. Ng5 Nd6 34. Ba2 f6 35. Ne6+ Kh6 36. Nc5 h4 37. Ne4 Kh5 38. Nxd6 Bxd6 39. Bd5 Bxf4 40. Ke4 Bc1 41. b4 axb4 42. axb4 Ba3 43. b5 Bc5 44. Kf3 Kg5 45. Kg2 Kf4 46. Bc6 g5 47. Bd7 f5 48. f3 Bb6 49. Bc6 Ke3 50. Bd7 Kf4 51. Bc6 Bd4 52. Bd7 Bb6 1/2-1/2

[Event "Play for Durgesh Fundraiser Blitz"]
[Site "Vishy Anand Arena"]
[Date "2020.09.19"]
[Round "4"]
[White "Sb2008"]
[Black "Geethanjali2"]
[Result "0-1"]
[WhiteElo "1437"]
[BlackElo "1429"]
[Annotator "NA"]
[PlyCount "52"]
[EventDate "2020.09.19"]
[EventType "swiss (blitz)"]

1. e4 e5 2. Nf3 Nc6 3. d4 Nxd4 4. Nxd4 exd4 5. Qxd4 Nf6 6. Nc3 d6 7. Bg5 Be7 8. O-O-O O-O 9. Bd3 a5 10. Qe3 Re8 11. h4 h6 12. Bxh6 Ng4 13. Qf4 Nxh6 14. Kb1 Bf6 15. Qf5 Nxf5 16. exf5 Bxc3 17. bxc3 Qf6 18. Kc1 Bxf5 19. Bxf5 Qxf5 20. g4 Qxf2 21. Rhf1 Qe3+ 22. Kb1 Qxc3 23. g5 Re2 24. Rc1 a4 25. g6 a3 26. gxf7+ Kf8 0-1

[Event "Play for Durgesh Fundraiser Blitz"]
[Site "Vishy Anand Arena"]
[Date "2020.09.19"]
[Round "4"]
[White "Yashteotiachess"]
[Black "SaurabhGurbhele"]
[Result "1-0"]
[WhiteElo "1436"]
[BlackElo "1351"]
[Annotator "NA"]
[PlyCount "25"]
[EventDate "2020.09.19"]
[EventType "swiss (blitz)"]

1. e4 e5 2. Nc3 Nf6 3. Nf3 Nc6 4. Bb5 Bc5 5. Bxc6 bxc6 6. Nxe5 O-O 7. d3 Qe8 8. Ng4 d6 9. Nxf6+ gxf6 10. Bh6 Qe7 11. Qf3 d5 12. Qg3+ Kh8 13. Qg7# 1-0

[Event "Play for Durgesh Fundraiser Blitz"]
[Site "Vishy Anand Arena"]
[Date "2020.09.19"]
[Round "4"]
[White "Chessjoker11"]
[Black "Saharshkuna"]
[Result "1-0"]
[WhiteElo "1435"]
[BlackElo "1361"]
[Annotator "NA"]
[PlyCount "71"]
[EventDate "2020.09.19"]
[EventType "swiss (blitz)"]

1. e4 e5 2. Nf3 Nc6 3. d4 d6 4. d5 Nb4 5. a3 Na6 6. c4 b6 7. Nc3 Nf6 8. Be2 Be7 9. O-O O-O 10. h3 Bd7 11. Bg5 h6 12. b4 c6 13. Bxf6 Bxf6 14. c5 bxc5 15. Bxa6 cxb4 16. axb4 cxd5 17. Nxd5 Rb8 18. Rc1 Qe8 19. Nxf6+ gxf6 20. Rc7 Ba4 21. Qd2 Bb5 22. Bxb5 Rxb5 23. Rxa7 Rxb4 24. Qxb4 Qb8 25. Qxb8 Rxb8 26. Rfa1 Kg7 27. Ra8 Rb3 28. Nh4 Rb4 29. Nf5+ Kg6 30. f3 d5 31. Rg8+ Kh7 32. Raa8 Rb1+ 33. Kh2 Rc1 34. Rh8+ Kg6 35. Rag8+ Kh5 36. Rxh6# 1-0

[Event "Play for Durgesh Fundraiser Blitz"]
[Site "Vishy Anand Arena"]
[Date "2020.09.19"]
[Round "4"]
[White "Anshuman Upadhyay"]
[Black "Shashank Karanam"]
[Result "0-1"]
[WhiteElo "1433"]
[BlackElo "1569"]
[Annotator "NA"]
[PlyCount "72"]
[EventDate "2020.09.19"]
[EventType "swiss (blitz)"]

1. e4 c5 2. Nf3 d5 3. Nc3 dxe4 4. Nxe4 Nc6 5. Nxc5 e5 6. Nb3 f5 7. Qe2 Bd6 8. d4 Qe7 9. d5 Nd4 10. Nbxd4 exd4 11. Qxe7+ Kxe7 12. Nxd4 Nf6 13. Bc4 Bd7 14. O-O Bc5 15. Be3 Bxd4 16. Bxd4 Kd6 17. Rfe1 b5 18. Be5+ Kc5 19. Bb3 Nxd5 20. Rad1 Bc6 21. Bd4+ Kb4 22. Bxd5 Bxd5 23. Bc3+ Kc5 24. Re5 Rad8 25. Ba5 Rd7 26. a3 Kc6 27. Bb4 g6 28. b3 Rg8 29. c4 bxc4 30. bxc4 Bxc4 31. Rc5+ Kb6 32. Rxd7 Bb5 33. Rd1 Ka6 34. Rb1 Re8 35. Ra1 Re2 36. Rac1 Bd3 0-1

[Event "Play for Durgesh Fundraiser Blitz"]
[Site "Vishy Anand Arena"]
[Date "2020.09.19"]
[Round "4"]
[White "Stuti_Bhatt"]
[Black "AAKASH M H"]
[Result "0-1"]
[WhiteElo "1429"]
[BlackElo "1579"]
[Annotator "NA"]
[PlyCount "88"]
[EventDate "2020.09.19"]
[EventType "swiss (blitz)"]

1. d4 d5 2. c4 dxc4 3. Nf3 Nf6 4. e3 Bf5 5. Nc3 Nc6 6. Bxc4 Nb4 7. e4 Nxe4 8. Nxe4 Bxe4 9. Bxf7+ Kxf7 10. Ng5+ Ke8 11. Nxe4 Qd5 12. Qa4+ Nc6 13. f3 Rd8 14. Be3 e6 15. Nc3 Bb4 16. O-O Bxc3 17. bxc3 Rf8 18. Rab1 Rd7 19. Rxb7 Nxd4 20. Qxd4 Qxb7 21. Qe5 Re7 22. c4 Rf5 23. Qa1 Qc6 24. Qb2 Qxc4 25. Rd1 Rd5 26. Rxd5 exd5 27. Bf2 Re2 28. Qa1 Rxa2 29. Qb1 Qe2 30. Qf1 Qxf1+ 31. Kxf1 Kd7 32. Ke1 Ke6 33. Bd4 g6 34. Bxa7 Rxa7 35. Kf2 Ra2+ 36. Kg3 d4 37. Kh3 d3 38. Kg3 d2 39. Kf2 d1=Q+ 40. Kg3 Qe1+ 41. Kh3 Ra4 42. g4 Qg1 43. Kh4 Qxh2+ 44. Kg5 h6+ 0-1

[Event "Play for Durgesh Fundraiser Blitz"]
[Site "Vishy Anand Arena"]
[Date "2020.09.19"]
[Round "4"]
[White "Shankhodip"]
[Black "Sarvad64squares"]
[Result "1-0"]
[WhiteElo "1417"]
[BlackElo "1524"]
[Annotator "NA"]
[PlyCount "63"]
[EventDate "2020.09.19"]
[EventType "swiss (blitz)"]

1. e4 e5 2. Nf3 Nc6 3. Bb5 a6 4. Ba4 Nf6 5. Qe2 b5 6. Bb3 Be7 7. O-O O-O 8. c3 d6 9. d4 exd4 10. cxd4 Bg4 11. Rd1 a5 12. e5 Nd7 13. Qe4 Bxf3 14. Qxf3 Na7 15. Qh3 Kh8 16. Bc2 g6 17. Nc3 Nb6 18. e6 fxe6 19. Bxg6 Bh4 20. Bc2 Qf6 21. Ne4 Qe7 22. g3 Bf6 23. Nxf6 Rxf6 24. Bg5 Raf8 25. Bxf6+ Rxf6 26. Re1 Qf7 27. Qg2 Nd5 28. Be4 c6 29. Bxd5 cxd5 30. f4 Nc6 31. Qc2 Nxd4 32. Qc8+ 1-0

[Event "Play for Durgesh Fundraiser Blitz"]
[Site "Vishy Anand Arena"]
[Date "2020.09.19"]
[Round "4"]
[White "SHUSHANTH 4789"]
[Black "Spoorthikiran"]
[Result "0-1"]
[WhiteElo "1414"]
[BlackElo "1363"]
[Annotator "NA"]
[PlyCount "23"]
[EventDate "2020.09.19"]
[EventType "swiss (blitz)"]

1. e4 e5 2. Nf3 Nc6 3. Bc4 Nf6 4. Ng5 d5 5. exd5 Na5 6. Bb5+ c6 7. dxc6 bxc6 8. Qe2 Bc5 9. Qxe5+ Be7 10. Bc4 Nxc4 11. O-O Nxe5 12. Nxf7 0-1

[Event "Play for Durgesh Fundraiser Blitz"]
[Site "Vishy Anand Arena"]
[Date "2020.09.19"]
[Round "4"]
[White "Adithya s"]
[Black "Big_lion"]
[Result "0-1"]
[WhiteElo "1409"]
[BlackElo "1511"]
[Annotator "NA"]
[PlyCount "78"]
[EventDate "2020.09.19"]
[EventType "swiss (blitz)"]

1. d4 g6 2. c4 Bg7 3. Nc3 d6 4. e3 Nf6 5. Nf3 Bg4 6. Be2 O-O 7. O-O c6 8. h3 Bh5 9. b3 g5 10. Qd3 Bg6 11. Qd2 h6 12. Bd3 Bh7 13. Bxh7+ Nxh7 14. Qd3 f6 15. Nd2 e5 16. f4 exf4 17. exf4 Nd7 18. Nde4 d5 19. Ng3 Qe7 20. Nf5 Qe4 21. Qxe4 dxe4 22. Nxe4 Rae8 23. Nd2 c5 24. Ba3 b6 25. dxc5 Nxc5 26. Nxg7 Kxg7 27. Rfe1 Rxe1+ 28. Rxe1 Rd8 29. Re7+ Kg6 30. Rxa7 Rxd2 31. Bxc5 bxc5 32. Ra5 gxf4 33. a4 h5 34. Rxc5 Ng5 35. a5 Ne4 36. Rb5 Rd1+ 37. Kh2 h4 38. a6 Ng3 39. a7 Rh1# 0-1

[Event "Play for Durgesh Fundraiser Blitz"]
[Site "Vishy Anand Arena"]
[Date "2020.09.19"]
[Round "4"]
[White "Sans360"]
[Black "S A Serock"]
[Result "0-1"]
[WhiteElo "1409"]
[BlackElo "1437"]
[Annotator "NA"]
[PlyCount "60"]
[EventDate "2020.09.19"]
[EventType "swiss (blitz)"]

1. e4 c5 2. Nf3 d6 3. d4 cxd4 4. Nxd4 Nf6 5. Nc3 g6 6. Bd3 Bg7 7. Be3 O-O 8. f3 b6 9. Qd2 Bb7 10. h4 h5 11. O-O-O e5 12. Nde2 Nc6 13. g3 d5 14. exd5 Nxd5 15. Nxd5 Qxd5 16. Kb1 Qxf3 17. Rdf1 Qd5 18. Rhg1 e4 19. c4 Qxd3+ 20. Qxd3 exd3 21. Nc3 Rad8 22. g4 hxg4 23. Rxg4 Rfe8 24. Bd2 Bxc3 25. Bxc3 d2 26. Kc2 Re2 27. Kd1 Rh2 28. Rgf4 Nd4 29. Rxf7 Nf5 30. Rxb7 Ne3# 0-1